North Africa /

Bibliographic Details
Main Author: Hutt, Antony
Format: Book
Language:English
Published: London : Scorpion Publications, 1977.
Series:Islamic architecture.
Subjects:

MARC

Tag First Indicator Second Indicator Subfields
LEADER 00000cam a2200000 i 4500
001 in00000143545
005 20151004060142.0
008 770926s1977 enka b 00110 eng
010 |a  77367948  
015 |a GB*** 
020 |a 0905906071 :  |c 5.95 
020 |a 0905906012 
035 |a (OCoLC)03361529 
035 |9 AAQ9848AM 
040 |a DLC  |c DLC  |d TXA  |d UtOrBLW 
043 |a ff----- 
049 |a TXAM  |c [1652120] 
050 0 0 |a NA1587  |b .H87 
082 0 |a 720/.961 
100 1 |a Hutt, Antony. 
245 1 0 |a North Africa /  |c Antony Hutt. 
264 1 |a London :  |b Scorpion Publications,  |c 1977. 
300 |a ix, 192 pages :  |b chiefly illustrations (some color) ;  |c 21 cm. 
336 |a text  |b txt  |2 rdacontent 
337 |a unmediated  |b n  |2 rdamedia 
338 |a volume  |b nc  |2 rdacarrier 
490 1 |a Islamic architecture 
500 |a Includes index. 
504 |a Bibliography: page 27. 
650 0 |a Islamic architecture  |z Africa, North. 
650 0 |a Architecture  |z Africa, North. 
830 0 |a Islamic architecture. 
999 |a MARS 
999 f f |s 39a72fce-0088-32af-af93-537e9b30003c  |i c9a5c9dc-0e18-3cac-b98c-8c8d4d00fd2c  |t 0 
952 f f |p ric  |a Texas A&M University  |b Rellis Campus  |c Joint Library Facility  |d Remote Storage  |t 0  |e NA1587 .H87  |h Library of Congress classification  |i unmediated -- volume  |m A14803427559 
998 f f |a NA1587 .H87  |t 0  |l Remote Storage